|
|
|
|
| LEADER |
01055nam a2200277 a 4500 |
| 001 |
8214 |
| 003 |
BD-DhAAL |
| 005 |
20130902102129.0 |
| 008 |
130902t19991998pk b 001 0 eng d |
| 010 |
|
|
|a 98930279
|
| 020 |
|
|
|a 1850653607 (pbk)
|
| 020 |
|
|
|a 1850653461 (cased)
|
| 040 |
|
|
|a DLC
|c DLC
|d DLC
|d BD-DhAAL
|
| 050 |
0 |
0 |
|a DS371.3
|b .F86 1998b
|
| 082 |
0 |
0 |
|a 958.104
|2 21
|
| 245 |
0 |
0 |
|a Fundamentalism reborn? :
|b Afghanistan and the Taliban /
|c edited by William Maley.
|
| 260 |
|
|
|a Lahore :
|b Vanguard Books,
|c c1998 [2nd impression].
|
| 300 |
|
|
|a xiii, 253 p. ;
|c 22 cm.
|
| 504 |
|
|
|a Includes bibliographical references and index.
|
| 541 |
|
|
|e 8214
|
| 651 |
|
0 |
|a Afghanistan
|x Politics and government
|y 1989-2001.
|9 2873
|
| 700 |
1 |
|
|a Maley, William,
|d 1957-
|9 2874
|
| 942 |
|
|
|2 ddc
|c BK
|
| 955 |
|
|
|a wk19 03-05-98; to LC 03-05-98;; yk10 04-30-98
|
| 999 |
|
|
|c 13914
|d 13914
|
| 952 |
|
|
|0 0
|1 0
|2 ddc
|4 0
|6 958_104000000000000_FUN
|7 0
|9 23285
|a BRACUL
|b BRACUL
|c GEN
|d 2013-09-02
|e Karim International
|l 1
|m 3
|o 958.104 FUN
|p 3010008214
|r 2015-02-20
|s 2015-01-31
|w 2013-09-02
|y BK
|